<?xml version="1.0" encoding="UTF-8"?><?xml-stylesheet type="text/xsl" href="static/style.xsl"?><OAI-PMH xmlns="http://www.openarchives.org/OAI/2.0/" xmlns:xsi="http://www.w3.org/2001/XMLSchema-instance" xsi:schemaLocation="http://www.openarchives.org/OAI/2.0/ http://www.openarchives.org/OAI/2.0/OAI-PMH.xsd"><responseDate>2026-04-17T07:49:57Z</responseDate><request verb="GetRecord" identifier="oai:www.recercat.cat:2099.1/13950" metadataPrefix="marc">https://recercat.cat/oai/request</request><GetRecord><record><header><identifier>oai:recercat.cat:2099.1/13950</identifier><datestamp>2025-07-23T01:20:33Z</datestamp><setSpec>com_2072_1033</setSpec><setSpec>col_2072_452951</setSpec></header><metadata><record xmlns="http://www.loc.gov/MARC21/slim" xmlns:dcterms="http://purl.org/dc/terms/" xmlns:xsi="http://www.w3.org/2001/XMLSchema-instance" xmlns:doc="http://www.lyncode.com/xoai" xsi:schemaLocation="http://www.loc.gov/MARC21/slim http://www.loc.gov/standards/marcxml/schema/MARC21slim.xsd">
   <leader>00925njm 22002777a 4500</leader>
   <datafield ind2=" " ind1=" " tag="042">
      <subfield code="a">dc</subfield>
   </datafield>
   <datafield ind2=" " ind1=" " tag="720">
      <subfield code="a">Martín Gómez, Juan José</subfield>
      <subfield code="e">author</subfield>
   </datafield>
   <datafield ind2=" " ind1=" " tag="260">
      <subfield code="c">2012-01-11</subfield>
   </datafield>
   <datafield ind2=" " ind1=" " tag="520">
      <subfield code="a">El projecte tracta sobre el disseny d’un reactor de cuina industrial, amb 400 litres&#xd;
de capacitat i cocció mitjançant el buit. Aquesta màquina escalfa mitjançant un&#xd;
sistema de camisa de vapor, i refreda amb aigua pel mateix conducte gràcies a&#xd;
un sistema de vàlvules.&#xd;
La màquina en qüestió és una evolució d’un reactor actual sense la tecnologia de&#xd;
buit, i amb escalfament per mitjà de gas i dipòsit d’oli. Altres evolucions&#xd;
aplicades són un cilindre neumàtic per obrir la tapa en lloc d’un motor i un&#xd;
millorat sistema de bolcada de la marmita. El increment notable del pes total&#xd;
requereix una reforçada estructura amb perfils IPN i del disseny del centre de&#xd;
masses per centrar l’eix de la manera més òptima possible. Això implica un&#xd;
redisseny de totes i cada una de les peces de la màquina.</subfield>
   </datafield>
   <datafield tag="653" ind2=" " ind1=" ">
      <subfield code="a">Àrees temàtiques de la UPC::Enginyeria mecànica::Mecànica</subfield>
   </datafield>
   <datafield tag="653" ind2=" " ind1=" ">
      <subfield code="a">Machinery -- Design and construction</subfield>
   </datafield>
   <datafield tag="653" ind2=" " ind1=" ">
      <subfield code="a">Maquinaria -- Disseny</subfield>
   </datafield>
   <datafield ind2="0" ind1="0" tag="245">
      <subfield code="a">Diseño de un reactor de cocina industrial</subfield>
   </datafield>
</record></metadata></record></GetRecord></OAI-PMH>